| 000 | 01011cab a2200325 4500 | ||
|---|---|---|---|
| 001 | ABS52253 | ||
| 008 | 090401t1995 xxu||||| |||| 00| 0 eng d | ||
| 035 | _a(Sirsi) u68425 | ||
| 041 | _aeng | ||
| 100 | _aLizieri, C. | ||
| 245 | _aInternational property portfolio strategies | ||
| 260 | _c1995 | ||
| 350 | _a0 | ||
| 490 |
_aJournal of Property Valuation and Investment _v13(1) 1995, 6-21(16) |
||
| 520 | _aOutlines alternative approaches to global real estate investment. | ||
| 650 | _aDIVERSIFICATION | ||
| 650 | _aGLOBAL PROPERTY MARKET | ||
| 650 | _aINTERNATIONAL PROPERTY DIVERSIFICATION | ||
| 650 | _aINTERNATIONAL PROPERTY | ||
| 650 | _aINVESTMENT PROPERTY | ||
| 650 | _aPORTFOLIO ALLOCATION | ||
| 650 | _aPORTFOLIO MANAGEMENT | ||
| 650 | _aPORTFOLIO PLANNING | ||
| 650 | _aPORTFOLIO THEORY | ||
| 650 | _aPROPERTY INVESTMENT | ||
| 690 | _aPROPERTY-COMMERCIAL PROPERTY-COMMERCIAL PROPERTY FINANCE AND INVESTMENT | ||
| 700 | _aFinlay, L. | ||
| 942 | _n0 | ||
| 948 | _c04/03/1997 | ||
| 999 |
_c42930 _d42930 |
||